00531nam a22001577a 450000500170000001000150001702000230003203500130005503700130006808200080008110000210008924501200011026000470023027000650027730000310034220140417150413.0 aENG-109301 a8172540620c240.00 aEN-92834 bDBAD/PUB a000 aSubburaj, V.V.K. aSura's super guide Air force recruitment examination :cby V.V.K. Subburajbselection of airmen : technical cadre / aChennaibSura College of Competitionc2012 a1620, 'J' Block, 16th Main Road, Anna NagarbChennaie600040 avaroius pagingsc25cm(pbk)